00779 2200253 4500001002100000005001700021008004100038020002200079035002400101040001200125082001000137084002000147100002600167245012000193250001100313260005300324300003100377500003100408650001700439700001700456700001800473850001200491990002200503INLIS00000000002561920170216094300.0  a978-602-6369-17-8 0010-021700000000433 aYOPDYOG a158.4 aDEP 158.4 Apr S aAPRIASTUTI RAHAYU, Y. aSukses(i) penguasa menyadur kuasa sastra wayang prasthanikaparwac/ Y. Apriastuti Rahayu, A. Windarto, A. Harimurti aCet.1. aYogyakartabSanata Dharma University Pressc2016 a135 hlm.b: ilus.c; 22 cm aBibliografi : hlm. 131-135 aKepemimpinan aWindarto, A. aHarimurti, A. aYOPDYOG aCB-D.11/2016-1122